000 00390nam a22001457a 4500
020 _a9780750649896
040 _cNust
082 _a621.3192
_bBIR
100 _ajohn Bird
_9124953
245 _aElectrical circuit theory and technology
250 _a2nd Edition
260 _aOxford:
_bNewness,
_c2001.
650 _aElectrical circuit theory and technology
_9125242
942 _2ddc
_cBK
999 _c611012
_d611012